U.S. Presidents... How Many Terms? - Statistics

General Stats
  • This quiz has been taken 239 times
    102 since last reset
  • The average score is 25 of 45
Answer Stats
Hint Answer % Correct
Andrew Jackson 2
80%
John Quincy Adams 1
78%
George Washington 2
78%
James Monroe 2
78%
John Adams 1
73%
Thomas Jefferson 2
73%
Barack Obama 2
73%
George W. Bush 2
71%
Martin Van Buren 1
63%
Franklin Pierce 1
63%
Jimmy Carter 1
63%
Ulysses S. Grant 2
63%
Ronald Reagan 2
63%
James K. Polk 1
61%
Rutherford B. Hayes 1
61%
James Garfield 1
61%
Benjamin Harrison 1
61%
James Madison 2
61%
James Buchanan 1
59%
Warren G. Harding 1
59%
Joe Biden 1
59%
Bill Clinton 2
59%
John F. Kennedy 1
56%
Grover Cleveland 2
56%
Donald Trump 2
56%
William Henry Harrison 1
54%
Zachary Taylor 1
54%
Herbert Hoover 1
54%
William Howard Taft 1
51%
Lyndon B. Johnson 1
51%
Richard Nixon 2
51%
William McKinley 1
49%
George H. W. Bush 1
49%
Abraham Lincoln 2
49%
Woodrow Wilson 2
49%
Dwight D. Eisenhower 2
49%
Franklin D. Roosevelt 4
49%
Harry S. Truman 1
46%
Calvin Coolidge 1
41%
Theodore Roosevelt 1
39%
Chester A. Arthur 0
24%
Millard Fillmore 0
22%
John Tyler 0
17%
Andrew Johnson 0
15%
Gerald Ford 0
15%
No matching quizzes found
Score Distribution
Percent of People with Each Score
Percentile by Number Answered
Your Score History
You have not taken this quiz since the last reset